00693cam a22002531 4500001001300000003000400013005001700017008004100034010001700075035002000092040002300112042001200135050002500147082001000172100002200182245001200204260005800216300002800274500001700302500007300319500001100392500001900403999001700422ca 34000354 DLC20260227111131.0880920s1933 mdua 000 0 eng  aca 34000354  a(OCoLC)18503441 aDLCcRPBdRPBdDLC apremarc00aPS3545.E336bD7 1933 a811.51 aWeber, Mary Bond.10aDreams. a[Oakland, Md.,bThe Sincell Printing Company,cc1933] a[39] p.billus.c21 cm. aCover-title. a"Copyright ... by Mary Bond Weber. Illustrated by Lorilla F. Tower." aPoems. aMusic: p. [36] c17289d17289